000 00532nam a2200169 a 4500
001 000039697
005 20201002033702.0
008 130716s1973 ve ac 000 0 spa d
040 _aDO-SdBNP
_bspa
_cBNPHU
100 1 _aCarrera D., Felipe
_965891
245 1 3 _aEl comportamiento sexual del venezolano IV /
_cFelipe Carrera D.
250 _a2a ed.
260 _aCaracas, Venezuela :
_bMonte Avila Editores,
_c1973.
300 _a101 p. :
_bils., retrs. ;
_c17 cm.
490 1 _aCientífica
_vno. 48
830 0 _aCientífica
_n48
_965892
999 _c39187
_d39187